Cuerpo y mente /

Saved in:
Bibliographic Details
Main Author: Campbell, Kirsten (autor)
Format: Book
Language:Español
Published: México : UNAM, Instituto de Investigaciones Filosóficas, 1987, c1987
Series:(Filosofía Contemporánea)
Subjects:
Tags: Add Tag
No Tags, Be the first to tag this record!

MARC

LEADER 00000nam^a2200000^a^4500
001 000194711
005 20250521000000.0
009 20260310102725.658
020 |a 968-36-0118-9 
037 |a Acervo ITESO - Biblioteca 
041 |a ESP 
082 |a 128. 2  |b CAM 
100 |a Campbell, Kirsten  |e (autor) 
245 1 0 |a Cuerpo y mente /  |c K. Campbell ; tr. por Susana Marín. 
264 4 |a México :  |b UNAM, Instituto de Investigaciones Filosóficas,  |c 1987, c1987 
300 |a 154 p. 
336 |a texto  |b txt  |2 rdacontenido 
337 |a sin mediación  |b n  |2 rdamedio 
338 |a volumen  |b nc  |2 rdasoporte 
440 1 |a (Filosofía Contemporánea) 
500 |a Traducción de: Body and Mind 
649 |a XX 
650 |a Alma y Cuerpo -  |x Filosofía -  |x Tema Principal 
650 |a Dualismo 
650 |a Conductismo 
650 |a Materialismo 
650 |a Evolución 
650 |a Antropología Filosófica 
650 |a Filosofía 
910 |a Fondo General 
920 |a Impresos - Libros 
930 |a Colección General 
905 |a 101 
901 |a 0500139799  |b IT1  |c ACC  |u 20250521 
902 |a https://opac.biblio.iteso.mx/vufind/Record/000194711